01001 2200265 4500001002100000005001500021035002000036008004100056020001800097041000800115082001200123084001600135100002300151245007200174250001200246260003700258300002600295500002000321520024900341650001800590650002500608700005000633990002600683990002600709INLIS00000000000181420221111104128 a0010-0520001814221111 | | eng  a0-421-883-006 aeng a347.054 a347.054 BAN0 aBanking Litigation1 aBanking Litigation /cEdited by David Warne and Nicholas Elliott QC a2nd Ed. aLondon :bSweet & Maxwell,c2005 aIxvi, 509 p. ;c24 cm aIndeks : indeks aThis book looks at the banking industry in the United kingdom, identify the areas of significant development, and set down those developments, the issues which arise in consequence and, where appropriate, advise as to how bankers might respond. 4a1. Litigation 4a2. Litigation - Bank0 aEdited by David Warne and Nicholas Elliott QC a06733/MKRI-P/XII-2007 a06733/MKRI-P/XII-2007